000 01223nam a2200301 i 4500
001 bg
003 BPK
005 20260311063437.0
008 s1993 pl f f |000 0 pol
040 _cBPK
080 _a53
080 _a(075.8+076)
245 1 0 _aLaboratorium fizyczne /
_cCezary Bieńkowski [et al.].
250 _a[Wyd.2].
260 _aKoszalin :
_bWydawnictwo Uczelniane WSI,
_c1993.
300 _a284 s. :
_brys., wykr. ;
_c24 cm.
490 1 _aSkrypty / Wyższa Szkoła Inżynierska w Koszalinie
504 _aBibliogr. s. 5.
521 _aSkrypt Wydziału Mechanicznego do przedmiotu Fizyka.
650 4 _aFizyka
_xszkoły wyższe.
655 4 _aĆwiczenia i zadania dla szkół wyższych
700 1 _aBieńkowski, Cezary
_eAutor
710 2 _aWydawnictwo Uczelniane (Wyższa Szkoła Inżynierska ; Koszalin)
_bWydawnictwo Uczelniane.
_4pbl.
856 _uhttp://dlibra.tu.koszalin.pl/dlibra/docmetadata?id=9&from=&dirids=1&ver_id=&lp=1&QI=
_yBiblioteka Cyfrowa
830 0 _aSkrypty - Wyższa Szkoła Inżynierska w Koszalinie
942 _cKS
_2UKD
856 _uhttp://koha.tu.koszalin.pl/cgi-bin/koha/opac-detail.pl?biblionumber=6428
_yKatalog online BPK
999 _c6428
_d6428